Rio de Janeiro : (Record no. 8226)

MARC details
000 -LEADER
campo de control de longitud fija 01236cam a2200373Ia 4500
001 - NÚMERO DE CONTROL
campo de control 55402
005 - FECHA Y HORA DE LA ÚLTIMA TRANSACCIÓN
campo de control 20230404125950.0
008 - DATOS DE LONGITUD FIJA--INFORMACIÓN GENERAL
campo de control de longitud fija 031211s2005 bl ab 000 0 por d
035 ## - NÚMERO DE CONTROL DEL SISTEMA
Número de control de sistema (OCoLC)ocm53889141
040 ## - FUENTE DE CATALOGACIÓN
Centro catalogador/agencia de origen CIB
Centro/agencia transcriptor CIB
Centro/agencia modificador OCLCQ
020 ## - NÚMERO INTERNACIONAL ESTÁNDAR DEL LIBRO
Número Internacional Estándar del Libro 8575310321
020 ## - NÚMERO INTERNACIONAL ESTÁNDAR DEL LIBRO
Número Internacional Estándar del Libro 8575310321
035 ## - NÚMERO DE CONTROL DEL SISTEMA
Número de control de sistema (OCoLC)53889141
041 0# - CÓDIGO DE IDIOMA
Código de lengua del texto/banda sonora o título independiente porengspafre
043 ## - CÓDIGO DE ÁREA GEOGRÁFICA
Código de área geográfica s-bl---
050 14 - SIGNATURA TOPOGRÁFICA DE LA BIBLIOTECA DEL CONGRESO
Número de clasificación 103 F 2646
Número de ítem F525r 2005
082 00 - NÚMERO DE LA CLASIFICACIÓN DECIMAL DEWEY
Número de clasificación 981/.53
100 1# - ENTRADA PRINCIPAL--NOMBRE DE PERSONA
Nombre de persona Firmo, Walter,
Fechas asociadas al nombre 1937-
245 10 - MENCIÓN DEL TÍTULO
Título Rio de Janeiro :
Resto del título cores e sentimentos = Rio de Janeiro : colors and feelings /
Mención de responsabilidad, etc. Walter Firmo.
246 31 - FORMA VARIANTE DEL TITULO
Título propio/Titulo breve Rio de Janeiro colors and feelings
250 ## - MENCION DE EDICION
Mención de edición 4a ed.
260 ## - PUBLICACIÓN, DISTRIBUCIÓN, ETC.
Lugar de publicación, distribución, etc. Sao Paulo :
Nombre del editor, distribuidor, etc. Escrituras,
Fecha de publicación, distribución, etc. 2005.
300 ## - DESCRIPCIÓN FÍSICA
Extensión 93 p. :
Otras características físicas chiefly col. ill., map ;
Dimensiones 17 x 25 cm.
546 ## - NOTA DE IDIOMA
Nota de lengua/lenguaje Text in Portuguese, English, Spanish, and French.
651 #0 - PUNTO DE ACCESO ADICIONAL DE MATERIA--NOMBRE GEOGRÁFICO
Nombre geográfico Rio de Janeiro (Brazil)
Subdivisión de forma Pictorial works.
651 #0 - PUNTO DE ACCESO ADICIONAL DE MATERIA--NOMBRE GEOGRÁFICO
Nombre geográfico Rio de Janeiro (Brazil)
Subdivisión general Description and travel.
650 #0 - PUNTO DE ACCESO ADICIONAL DE MATERIA--TÉRMINO DE MATERIA
Término de materia o nombre geográfico como elemento de entrada Photography, Panoramic.
651 #4 - PUNTO DE ACCESO ADICIONAL DE MATERIA--NOMBRE GEOGRÁFICO
Nombre geográfico Río de Janeiro (Brasil)
Subdivisión general Descripcíon.
651 #4 - PUNTO DE ACCESO ADICIONAL DE MATERIA--NOMBRE GEOGRÁFICO
Nombre geográfico Río de Janeiro (Brasil)
Subdivisión de forma Fotografías
651 #4 - PUNTO DE ACCESO ADICIONAL DE MATERIA--NOMBRE GEOGRÁFICO
Nombre geográfico Río de Janeiro (Brasil)
Subdivisión general Vida social y costumbres
942 ## - ELEMENTOS DE ENTRADA SECUNDARIOS (KOHA)
Fuente del sistema de clasificación o colocación Clasificación de Library of Congress
Tipo de ítem Koha
946 ## - PROCESAMIENTO DE INFORMACIÓN LOCAL (OCLC)
a clperez
994 ## -
-- C0
-- DRFGD
Holdings
Estatus retirado Estado de pérdida Fuente del sistema de clasificación o colocación Estado de daño No para préstamo Colección Biblioteca de origen Biblioteca actual Ubicación en estantería Fecha de adquisición Serial enumeration / chronology Total checkouts Signatura topográfica completa Código de barras Visto por última vez Copia número Precio de reemplazo Tipo de ítem Koha
    Clasificación de Library of Congress     Recursos Regionales Biblioteca Juan Bosch Biblioteca Juan Bosch Recursos Regionales (2do. Piso) 04/04/2023 1   103 F 2646 F525r 2005 00000057520 23/10/2018 1 23/10/2018